[Event "Jiraskuv memorial A"]
[Site "Rakovnik"]
[Date "2012.08.10"]
[Round "8"]
[White "Novak, Jindrich"]
[Black "Sibl, Vaclav"]
[Result "1-0"]
[WhiteElo "2041"]
[BlackElo "1961"]
[Annotator "Lev,Pavel"]
[PlyCount "153"]
[EventDate "2012.08.??"]
[EventType "swiss"]
[EventRounds "9"]
[EventCountry "CZE"]

1. e4 d6 2. Nc3 Nf6 3. Bc4 e5 4. Nf3 Be7 5. d4 Nbd7 6. dxe5 dxe5 7. O-O O-O 8.
a3 c6 9. Bg5 Qc7 10. Qe2 b5 11. Bb3 Nc5 12. Ba2 Be6 13. Rad1 Bxa2 14. Nxa2 Rad8
15. Nc3 Ne6 16. Be3 a5 17. Ng5 Nd4 18. Bxd4 exd4 19. Nb1 Qf4 20. Qd2 Qxd2 21.
Nxd2 h6 22. Ngf3 a4 23. Ne5 Rc8 24. f3 c5 25. Nb1 c4 26. c3 d3 27. Nd2 Bd6 28.
Ng4 Nxg4 29. fxg4 Rfe8 30. g3 Re5 31. Kg2 Be7 32. h4 Rc6 33. Rf3 f6 34. Rf5
Rce6 35. Rdf1 g6 36. R5f3 Rc6 37. Rh1 Kg7 38. h5 Rg5 39. Rh4 Re5 40. hxg6 Kxg6
41. Rf5 Rcc5 42. Rh1 Rxf5 43. gxf5+ Kg7 44. Nf3 Bd6 45. Nd4 Kh7 46. Kf3 Be5 47.
Ne6 Rc8 48. g4 Rc6 49. Nf8+ Kg7 50. Ng6 Bd6 51. Rd1 Rc8 52. Nh4 Rh8 53. Rg1 Bc5
54. Rg2 Rd8 55. Rd2 Bd6 56. Rd1 Be5 57. Ng2 Rh8 58. Rh1 Rd8 59. Ne3 Rh8 60. Nd5
Rc8 61. Ke3 Bb8 62. Nf4 Be5 63. Ne6+ Kh7 64. g5 fxg5 65. Nxg5+ Kg7 66. Nf3 Bf6
67. Rg1+ Kf7 68. e5 Re8 69. Kf4 Be7 70. e6+ Kf8 71. Ke5 Rd8 72. f6 Bd6+ 73. Kf5
Rc8 74. Ne5 Rc5 75. e7+ Bxe7 76. Ke6 Ke8 77. fxe7 1-0

[Event "Jiraskuv memorial A"]
[Site "Rakovnik"]
[Date "2012.08.10"]
[Round "8"]
[White "Hansch, Stephan"]
[Black "Rous, Daniel"]
[Result "1/2-1/2"]
[WhiteElo "1920"]
[BlackElo "1981"]
[Annotator "Lev,Pavel"]
[PlyCount "83"]
[EventDate "2012.08.??"]
[EventType "swiss"]
[EventRounds "9"]
[EventCountry "CZE"]

1. d4 Nf6 2. c4 g6 3. g3 Bg7 4. Bg2 d5 5. cxd5 Nxd5 6. Nf3 O-O 7. O-O Nc6 8.
Nc3 Nb6 9. e3 Re8 10. b3 e5 11. dxe5 Nxe5 12. Nxe5 Bxe5 13. Bb2 c6 14. Qc2 Qe7
15. Rad1 Be6 16. Rd2 Rad8 17. Rfd1 Bf5 18. e4 Bg4 19. Rxd8 Rxd8 20. Rxd8+ Qxd8
21. h3 Be6 22. Ne2 f6 23. f4 Bxb2 24. Qxb2 Qd1+ 25. Kf2 Kf7 26. Qa3 Nc8 27. Qb4
b6 28. g4 c5 29. Qc3 Nd6 30. g5 Ne8 31. Qg3 c4 32. f5 gxf5 33. exf5 Bxf5 34.
bxc4 Qd6 35. Bd5+ Be6 36. g6+ hxg6 37. Nf4 Bxd5 38. Qxg6+ Ke7 39. Nxd5+ Kd8 40.
Qh7 Qh2+ 41. Kf3 Qh1+ 42. Kf2 1/2-1/2

[Event "Jiraskuv memorial A"]
[Site "Rakovnik"]
[Date "2012.08.10"]
[Round "8"]
[White "Masek, Jan"]
[Black "Tejkal, Jiri"]
[Result "1/2-1/2"]
[WhiteElo "1949"]
[BlackElo "1929"]
[Annotator "Lev,Pavel"]
[PlyCount "108"]
[EventDate "2012.08.??"]
[EventType "swiss"]
[EventRounds "9"]
[EventCountry "CZE"]

1. e4 c5 2. Bc4 e6 3. Qe2 Nc6 4. Nf3 Be7 5. c3 d5 6. Bb5 Qa5 7. e5 Bd7 8. Bd3
f5 9. exf6 Bxf6 10. O-O Nge7 11. Bc2 O-O 12. d3 Rae8 13. Nbd2 e5 14. h3 Qc7 15.
Rb1 Ng6 16. Nb3 b6 17. Bd2 Nd8 18. Rfe1 Ne6 19. g3 Bc6 20. h4 d4 21. Ng5 Bxg5
22. hxg5 Bb7 23. Bd1 Rf5 24. Qh5 Qc6 25. Re4 Qd7 26. Bg4 Rf7 27. cxd4 Qe7 28.
Re2 cxd4 29. Rbe1 Qd6 30. f4 Qd5 31. f5 Nef8 32. Rf2 Ne7 33. Bf3 Qd7 34. Bxb7
Qxb7 35. Rxe5 Nd7 36. Re4 Ref8 37. f6 gxf6 38. Rg4 f5 39. Rxd4 Ng6 40. Bb4 Re8
41. Bd2 Nde5 42. Rd6 Ref8 43. Bb4 a5 44. Bc3 Qe7 45. Rxb6 f4 46. Re2 Qc7 47.
Rf6 fxg3 48. d4 Nf3+ 49. Qxf3 Nh4 50. Qd5 Qc8 51. Rxf7 Rxf7 52. Re7 Nf3+ 53.
Kg2 Nh4+ 54. Kg1 Nf3+ 1/2-1/2

[Event "Jiraskuv memorial A"]
[Site "Rakovnik"]
[Date "2012.08.10"]
[Round "8"]
[White "Hansch, Karsten"]
[Black "Hansch, Torsten"]
[Result "1/2-1/2"]
[WhiteElo "2019"]
[BlackElo "2080"]
[Annotator "Lev,Pavel"]
[PlyCount "21"]
[EventDate "2012.08.??"]
[EventType "swiss"]
[EventRounds "9"]
[EventCountry "CZE"]

1. d4 f5 2. c4 e6 3. Nf3 Nf6 4. Nc3 d5 5. Bg5 c6 6. e3 Bd6 7. Bd3 O-O 8. O-O h6
9. Bxf6 Qxf6 10. Qb3 Kh8 11. Rac1 1/2-1/2

[Event "Jiraskuv memorial A"]
[Site "Rakovnik"]
[Date "2012.08.10"]
[Round "8"]
[White "Haman, Jakub"]
[Black "Simecek, Bohumil"]
[Result "1/2-1/2"]
[WhiteElo "2137"]
[BlackElo "2111"]
[Annotator "Lev,Pavel"]
[PlyCount "25"]
[EventDate "2012.08.??"]
[EventType "swiss"]
[EventRounds "9"]
[EventCountry "CZE"]

1. e4 e6 2. d4 d5 3. Nd2 Nf6 4. e5 Nfd7 5. Bd3 c5 6. c3 b6 7. Qa4 a5 8. Ndf3
Ba6 9. Bxa6 Nxa6 10. Bg5 Be7 11. Bxe7 Qxe7 12. Ne2 Nc7 13. O-O 1/2-1/2

[Event "Jiraskuv memorial A"]
[Site "Rakovnik"]
[Date "2012.08.10"]
[Round "8"]
[White "Novy, Daniel"]
[Black "Wasserbauer, Radek"]
[Result "0-1"]
[WhiteElo "1991"]
[BlackElo "2199"]
[Annotator "Lev,Pavel"]
[PlyCount "44"]
[EventDate "2012.08.??"]
[EventType "swiss"]
[EventRounds "9"]
[EventCountry "CZE"]

1. e4 e5 2. Nf3 d6 3. d4 Nf6 4. Nc3 Nbd7 5. Bc4 Be7 6. O-O O-O 7. dxe5 dxe5 8.
Bg5 c6 9. Nh4 b5 10. Bb3 b4 11. Na4 Nxe4 12. Bxe7 Qxe7 13. Nf5 Qf6 14. Ne3 Ndc5
15. Qe1 Nxa4 16. Bxa4 Rd8 17. Ng4 Qf4 18. Bxc6 Nd2 19. g3 Qd4 20. Rd1 Bxg4 21.
Rxd2 Qxb2 22. Ba4 Bh3 0-1

[Event "Jiraskuv memorial A"]
[Site "Rakovnik"]
[Date "2012.08.10"]
[Round "8"]
[White "Kovar, Jan"]
[Black "Kozlovsky, Libor"]
[Result "0-1"]
[WhiteElo "2028"]
[BlackElo "2015"]
[Annotator "Lev,Pavel"]
[PlyCount "108"]
[EventDate "2012.08.??"]
[EventType "swiss"]
[EventRounds "9"]
[EventCountry "CZE"]

1. d4 Nf6 2. c4 g6 3. Nc3 Bg7 4. Nf3 O-O 5. Bg5 c5 6. e3 Qa5 7. Qd2 cxd4 8.
exd4 d6 9. Be2 Bg4 10. O-O Nc6 11. a3 Bxf3 12. Bxf3 Nxd4 13. Qxd4 Qxg5 14. Bxb7
Nd7 15. Qd1 Rab8 16. Bc6 Rxb2 17. Ne4 Qe5 18. Nxd6 Nb8 19. Nxf7 Rxf7 20. Bd5 e6
21. Re1 Qf4 22. Rxe6 Be5 23. Rxe5 Qxe5 24. Qf3 Rbb7 25. Rd1 Rbd7 26. Bxf7+ Rxf7
27. Qa8 Kg7 28. h3 Qb2 29. Rf1 Qb7 30. Qxb7 Rxb7 31. Rc1 Na6 32. Kf1 Nc5 33.
Ke2 Rb3 34. a4 Ra3 35. a5 Rxa5 36. Ke3 Ra3+ 37. Ke2 Ra2+ 38. Ke3 Rxf2 39. Ra1
Rf7 40. Ra5 Rc7 41. Ra3 Kf6 42. Kd4 Ke6 43. Re3+ Kd6 44. Rf3 a5 45. Rf6+ Ne6+
46. Kc3 Ra7 47. Rf1 a4 48. Rd1+ Kc6 49. Re1 Nc5 50. Rf1 a3 51. Rf6+ Kc7 52. Kb4
Nd7 53. Rf1 a2 54. Ra1 Kc6 0-1

[Event "Jiraskuv memorial A"]
[Site "Rakovnik"]
[Date "2012.08.11"]
[Round "9"]
[White "Kozlovsky, Libor"]
[Black "Trnka, Miroslav"]
[Result "1/2-1/2"]
[WhiteElo "2015"]
[BlackElo "2012"]
[Annotator "Lev,Pavel"]
[PlyCount "21"]
[EventDate "2012.08.??"]
[EventType "swiss"]
[EventRounds "9"]
[EventCountry "CZE"]

1. d4 g6 2. c4 Bg7 3. e4 d6 4. Nc3 Nf6 5. f3 c6 6. Be3 O-O 7. Qd2 Nbd7 8. Bd3
Re8 9. Nge2 Qc7 10. g4 h5 11. h3 1/2-1/2

[Event "Jiraskuv memorial A"]
[Site "Rakovnik"]
[Date "2012.08.11"]
[Round "9"]
[White "Cozl, David"]
[Black "Kovar, Jan"]
[Result "1/2-1/2"]
[WhiteElo "2044"]
[BlackElo "2028"]
[Annotator "Lev,Pavel"]
[PlyCount "28"]
[EventDate "2012.08.??"]
[EventType "swiss"]
[EventRounds "9"]
[EventCountry "CZE"]

1. c4 e5 2. Nc3 f5 3. d3 d6 4. g3 Nf6 5. Bg2 g6 6. Bg5 Bg7 7. h4 h6 8. Bxf6
Bxf6 9. h5 g5 10. Qb3 c6 11. O-O-O Nd7 12. e4 Nc5 13. Qc2 Bd7 14. Nb5 cxb5
1/2-1/2

[Event "Jiraskuv memorial A"]
[Site "Rakovnik"]
[Date "2012.08.11"]
[Round "9"]
[White "Hajsman, Ladislav"]
[Black "Tejkal, Jiri"]
[Result "1/2-1/2"]
[WhiteElo "1767"]
[BlackElo "1929"]
[Annotator "Lev,Pavel"]
[PlyCount "20"]
[EventDate "2012.08.??"]
[EventType "swiss"]
[EventRounds "9"]
[EventCountry "CZE"]

1. d4 d5 2. c4 c6 3. Nf3 Nf6 4. e3 e6 5. Nc3 Nbd7 6. Bd3 dxc4 7. Bxc4 b5 8. Bb3
a6 9. O-O Bb7 10. Re1 Be7 1/2-1/2

[Event "Jiraskuv memorial A"]
[Site "Rakovnik"]
[Date "2012.08.11"]
[Round "9"]
[White "Rous, Daniel"]
[Black "Haman, Jakub"]
[Result "1/2-1/2"]
[WhiteElo "1981"]
[BlackElo "2137"]
[Annotator "Lev,Pavel"]
[PlyCount "44"]
[EventDate "2012.08.??"]
[EventType "swiss"]
[EventRounds "9"]
[EventCountry "CZE"]

1. Nf3 Nf6 2. g3 b6 3. Bg2 Bb7 4. O-O e6 5. d4 c5 6. c4 cxd4 7. Qxd4 d6 8. Rd1
Be7 9. Nc3 a6 10. Bg5 Nbd7 11. Bxf6 Nxf6 12. Nd2 Bxg2 13. Kxg2 Qc7 14. Nde4 Rd8
15. Rac1 O-O 16. b3 Rd7 17. Nxf6+ Bxf6 18. Qd3 Rfd8 19. e4 Qb7 20. a4 g6 21.
Qf3 Kg7 22. Rd3 Qc6 1/2-1/2

[Event "Jiraskuv memorial A"]
[Site "Rakovnik"]
[Date "2012.08.11"]
[Round "9"]
[White "Sibl, Vaclav"]
[Black "Lavrincik, Pavel"]
[Result "1-0"]
[WhiteElo "1961"]
[BlackElo "1898"]
[Annotator "Lev,Pavel"]
[PlyCount "57"]
[EventDate "2012.08.??"]
[EventType "swiss"]
[EventRounds "9"]
[EventCountry "CZE"]

1. d4 d6 2. Bf4 Nf6 3. e3 g6 4. Nf3 Bg7 5. Be2 O-O 6. O-O Bg4 7. h3 Bxf3 8.
Bxf3 c6 9. c4 Nbd7 10. Nc3 e5 11. Bh2 Ne8 12. Qd2 f5 13. Rad1 Qf6 14. b4 f4 15.
Bg4 Nb6 16. c5 Nc4 17. Qe2 d5 18. Ne4 Qd8 19. exf4 exd4 20. Ng5 Nc7 21. Qc2 d3
22. Rxd3 Qf6 23. Rdd1 h6 24. Ne4 Qb2 25. Qd3 Kh7 26. Nd6 Qxb4 27. Rc1 Qxc5 28.
f5 gxf5 29. Bxf5+ 1-0

[Event "Jiraskuv memorial A"]
[Site "Rakovnik"]
[Date "2012.08.11"]
[Round "9"]
[White "Maeder, Juergen"]
[Black "Hinz, Frantisek"]
[Result "1-0"]
[WhiteElo "1895"]
[BlackElo "1902"]
[Annotator "Lev,Pavel"]
[PlyCount "59"]
[EventDate "2012.08.??"]
[EventType "swiss"]
[EventRounds "9"]
[EventCountry "CZE"]

1. d4 d5 2. c4 c6 3. Nf3 Nf6 4. e3 e6 5. b3 Nbd7 6. Bb2 b6 7. Bd3 Bb7 8. O-O
Bd6 9. Ne5 O-O 10. Nd2 dxc4 11. bxc4 c5 12. Qe2 Qc7 13. f4 Ne8 14. Qh5 Ndf6 15.
Qh3 g6 16. Nef3 Rd8 17. Ne5 Bc8 18. Ndf3 Nh5 19. g4 Nhg7 20. Ng5 h5 21. gxh5
Nxh5 22. Ngxf7 Rxf7 23. Bxg6 Rg7 24. Qxh5 Bxe5 25. fxe5 cxd4 26. Ba3 Rxg6+ 27.
Qxg6+ Ng7 28. Bd6 Qd7 29. Rf4 dxe3 30. Raf1 1-0

[Event "Jiraskuv memorial A"]
[Site "Rakovnik"]
[Date "2012.08.11"]
[Round "9"]
[White "Kotrba, Matej"]
[Black "Novak, Jindrich"]
[Result "1/2-1/2"]
[WhiteElo "1961"]
[BlackElo "2041"]
[Annotator "Lev,Pavel"]
[PlyCount "114"]
[EventDate "2012.08.??"]
[EventType "swiss"]
[EventRounds "9"]
[EventCountry "CZE"]

1. e4 e5 2. Nf3 Nc6 3. Bc4 Be7 4. O-O d6 5. d3 Bg4 6. h3 Bh5 7. Be3 Nf6 8. Nc3
O-O 9. a3 Qd7 10. Nd5 a6 11. Nxf6+ Bxf6 12. g4 Bg6 13. Nh2 Bh4 14. Nf3 Be7 15.
Nh2 Nd8 16. Qf3 Bh4 17. Qg2 Ne6 18. g5 Bh5 19. Kh1 Kh8 20. f4 exf4 21. Bxe6
fxe6 22. Rxf4 Rxf4 23. Bxf4 e5 24. Be3 Rf8 25. Rf1 Rxf1+ 26. Qxf1 Kg8 27. Nf3
Qf7 28. Kg2 Bxf3+ 29. Qxf3 Qxf3+ 30. Kxf3 Kf7 31. Kg4 Be1 32. a4 g6 33. c4 Ke6
34. Kf3 c6 35. Ke2 Ba5 36. Kf2 Kd7 37. Kf3 Kc7 38. Ke2 Bb6 39. Bd2 Bd4 40. b3
Kb6 41. Bb4 Kc7 42. Bd2 b6 43. Kf3 a5 44. Ke2 Kb7 45. Kf3 Ka6 46. Ke2 Bc5 47.
Kf3 Bb4 48. Bxb4 axb4 49. Ke2 b5 50. axb5+ cxb5 51. cxb5+ Kxb5 52. Kf3 Kc5 53.
Ke3 d5 54. h4 Kc6 55. Ke2 Kd6 56. Kf3 Kc5 57. Ke3 d4+ 1/2-1/2

[Event "Jiraskuv memorial A"]
[Site "Rakovnik"]
[Date "2012.08.11"]
[Round "9"]
[White "Dungl, Petr"]
[Black "Masek, Jan"]
[Result "0-1"]
[WhiteElo "1861"]
[BlackElo "1949"]
[Annotator "Lev,Pavel"]
[PlyCount "80"]
[EventDate "2012.08.??"]
[EventType "swiss"]
[EventRounds "9"]
[EventCountry "CZE"]

1. d4 Nf6 2. c4 c5 3. Nf3 cxd4 4. Nxd4 e5 5. Nb5 d5 6. cxd5 Bc5 7. N5c3 O-O 8.
e3 Qe7 9. Be2 e4 10. Nd2 Rd8 11. Qc2 Bf5 12. a3 Nbd7 13. b4 Bd6 14. Nc4 Rac8
15. Nxd6 Qxd6 16. Qb3 Nb6 17. Bb2 a6 18. Rd1 Nfxd5 19. Nxd5 Nxd5 20. Bd4 Qg6
21. g3 Be6 22. Qb2 Bh3 23. Rc1 Rxc1+ 24. Qxc1 Rc8 25. Qb2 Bg2 26. Rg1 Bf3 27.
Bxf3 exf3 28. Kd2 Nb6 29. Bxb6 Qxb6 30. Rc1 Rd8+ 31. Ke1 Qe6 32. Rd1 Rf8 33.
Qd4 Qh3 34. Qh4 Qg2 35. Rd8 Qg1+ 36. Kd2 Qxf2+ 37. Kd3 Qe2+ 38. Ke4 f5+ 39. Kf4
Qc4+ 40. Kxf3 Qf1# 0-1

[Event "Jiraskuv memorial A"]
[Site "Rakovnik"]
[Date "2012.08.11"]
[Round "9"]
[White "Hansch, Torsten"]
[Black "Misicko, Jan"]
[Result "1-0"]
[WhiteElo "2080"]
[BlackElo "2045"]
[Annotator "Lev,Pavel"]
[PlyCount "63"]
[EventDate "2012.08.??"]
[EventType "swiss"]
[EventRounds "9"]
[EventCountry "CZE"]

1. d4 Nf6 2. c4 e6 3. g3 Bb4+ 4. Bd2 Qe7 5. Bg2 O-O 6. Nf3 d5 7. O-O Nbd7 8.
Bf4 Bd6 9. Ne5 dxc4 10. e4 c5 11. Nxd7 Nxd7 12. e5 Bc7 13. Nd2 Nb6 14. Ne4 cxd4
15. Bg5 f6 16. exf6 gxf6 17. Nxf6+ Rxf6 18. Qxd4 e5 19. Qh4 Kg7 20. Be4 h5 21.
Qxh5 Qf7 22. Qh7+ Kf8 23. Bxf6 Qxh7 24. Bxh7 Kf7 25. Bg5 Be6 26. Be4 Bd5 27. f3
Rg8 28. Be3 Ke6 29. Rad1 Bxe4 30. fxe4 Rg4 31. Kg2 Rxe4 32. Kf3 1-0

[Event "Jiraskuv memorial A"]
[Site "Rakovnik"]
[Date "2012.08.11"]
[Round "9"]
[White "Cap, Adam"]
[Black "Hansch, Karsten"]
[Result "0-1"]
[WhiteElo "2074"]
[BlackElo "2019"]
[Annotator "Lev,Pavel"]
[PlyCount "52"]
[EventDate "2012.08.??"]
[EventType "swiss"]
[EventRounds "9"]
[EventCountry "CZE"]

1. e4 c5 2. Nf3 d6 3. d4 cxd4 4. Nxd4 Nf6 5. Nc3 a6 6. Be3 e5 7. Nb3 Be7 8. f3
Be6 9. Qd2 O-O 10. O-O-O Nbd7 11. g4 b5 12. g5 b4 13. gxf6 bxc3 14. Qxc3 Nxf6
15. Kb1 a5 16. Rg1 Kh8 17. Qd2 a4 18. Qg2 Rg8 19. Nc5 d5 20. Nxe6 fxe6 21. Bd3
Rb8 22. Bg5 Qc7 23. exd5 Rxb2+ 24. Kc1 Qc3 25. Bxf6 Rb1+ 26. Kxb1 Rb8+ 0-1

[Event "Jiraskuv memorial A"]
[Site "Rakovnik"]
[Date "2012.08.11"]
[Round "9"]
[White "Horyna, Josef"]
[Black "Volek, Stanislav"]
[Result "1-0"]
[WhiteElo "1878"]
[BlackElo "1861"]
[Annotator "Lev,Pavel"]
[PlyCount "59"]
[EventDate "2012.08.??"]
[EventType "swiss"]
[EventRounds "9"]
[EventCountry "CZE"]

1. d4 e6 2. Nf3 c5 3. c3 d5 4. Bf4 Nc6 5. e3 Bd6 6. Bg3 Nf6 7. Nbd2 O-O 8. Bd3
Re8 9. Ne5 Qc7 10. f4 c4 11. Bc2 b5 12. O-O b4 13. Bh4 Be7 14. Bxf6 Bxf6 15.
Nxc6 b3 16. axb3 Qxc6 17. bxc4 Qb6 18. Ba4 Re7 19. b3 a5 20. c5 Qa6 21. c4 Bd7
22. Bxd7 Rxd7 23. b4 a4 24. b5 Qa5 25. cxd5 exd5 26. b6 Re7 27. Nf3 a3 28. Ne5
Bxe5 29. fxe5 Rb8 30. Qb3 1-0

[Event "Jiraskuv memorial A"]
[Site "Rakovnik"]
[Date "2012.08.11"]
[Round "9"]
[White "Wasserbauer, Radek"]
[Black "Hansch, Stephan"]
[Result "1-0"]
[WhiteElo "2199"]
[BlackElo "1920"]
[Annotator "Lev,Pavel"]
[PlyCount "109"]
[EventDate "2012.08.??"]
[EventType "swiss"]
[EventRounds "9"]
[EventCountry "CZE"]

1. Nf3 Nf6 2. c4 e6 3. g3 d5 4. Bg2 Be7 5. O-O O-O 6. cxd5 exd5 7. d4 c6 8. Nc3
Nbd7 9. Qc2 Re8 10. a3 Nf8 11. Bd2 Ng6 12. Rfc1 Bd7 13. e3 Qc8 14. b4 a6 15.
Qb3 Bf5 16. Be1 Ne4 17. Nxd5 Be6 18. Nxe7+ Nxe7 19. Qb2 Nd5 20. Nd2 Bf5 21.
Nxe4 Bxe4 22. f3 Bg6 23. e4 Ne7 24. g4 Qd7 25. Rd1 Rad8 26. Rd2 f6 27. a4 Bf7
28. Bg3 Nc8 29. Bf1 Nb6 30. Qc3 h5 31. h3 Nc8 32. b5 axb5 33. axb5 Nd6 34. bxc6
bxc6 35. Qc5 hxg4 36. hxg4 Nxe4 37. fxe4 Qxg4 38. Rg2 Qxe4 39. Bf2 Rf8 40. Re1
Qd5 41. Qxd5 cxd5 42. Bh4 Rd6 43. Bd3 Re8 44. Rxe8+ Bxe8 45. Rc2 g5 46. Bg3 Rc6
47. Rc5 Rxc5 48. dxc5 Bd7 49. Ba6 Kf7 50. Bb7 Ke6 51. c6 Bxc6 52. Bxc6 f5 53.
Bc7 f4 54. Kf2 d4 55. Kf3 1-0